10 najczęściej odwiedzanych państw świata przez turystów - Statystyki

Ogólne statystyki
  • Ten quiz został rozwiązany 33 razy
  • Średni wynik to 8 z 10
Statystyki odpowiedzi
Hint Odpowiedź % Poprawnych
100mln+ Francja
100%
78 mln Stany Zjednoczone
100%
67 mln Chiny
97%
64 mln Włochy
97%
96mln Hiszpania
94%
45mln Meksyk
87%
39mln Niemcy
81%
51mln Turcja
71%
40mln Tajlandia
58%
30mln Polska
52%
Nie znaleziono quizów pasujących do podanych kryteriów
Rozkład punktacji
Procent ludzi z każdym wynikiem
Percentyl według liczby udzielonych odpowiedzi
Twoja historia wyników
Nie rozwiązałeś tego quizu